| 000 | 00414nam a22001337a 4500 | ||
|---|---|---|---|
| 003 | NUST | ||
| 082 | _a005.1 | ||
| 100 |
_aSafdar, Saira _921371 |
||
| 245 |
_aReport Generation on ECGS Survey Data Using Threshold Based Inference Engien / _cSaira Safdar |
||
| 260 |
_aRawalpindi _bMCS - NUST, _c2012 |
||
| 300 | _a93 p.: ill.; 30cm | ||
| 648 |
_aComputer Software Engineering MS-Thesis _9121425 |
||
| 942 |
_2ddc _cTHE |
||
| 999 |
_c608314 _d608314 |
||